000 00852 a2200241 4500
003 CBULib
005 20240116143402.0
008 240115b |||||||| |||| 00| 0 eng d
040 _aCBULib
_bEnglish
_cCBULib
_erda
041 _aeng
050 _aCBU-PG THESIS/LUN
100 _aLungu, Boyd Kondwani
245 _aExamining the effects of public healthcare service quality on customer satisfaction: evidence from Copperbelt, Zambia
_c/ by Kondwani Boyd
260 _c2021.
_aKitwe:
_bCopperbelt University,
300 _ax, 77 pages : illustrations
336 _2rdacontent
_aText |
_btxt
337 _2rdamedia
_aUnmediated |
_bn
338 _2rdacarrier
_aVolume
_bnc
650 0 _9315
_aPUBLIC HEALTH
650 0 _91636
_aCUSTOMER SATISFACTION - PUBLIC HEALTH CARE
650 0 _91638
_aPUBLIC HEALTHCARE - DELIVERY - ZAMBIA
942 _2lcc
_c030
999 _c83990
_d83990